000
00209 a2200097 4500
001
14001
100
_a
Gielgud Sir J
245
_a
The cherry orchard
260
_a
London
_b
Heinemann
_c
090
_c
10961
_d
10961
942
_a
NUST-CAE
_c
M
_c
1071
999
_c
249074
_d
249074